Statistiques concernant Metro Lausanne

Cliquez ici pour prendre le quiz!

Statistiques générales

  • Ce quiz a été pris 66 fois
    (64 depuis la dernière actualisation)
  • Le résultat moyen est 15 sur 29

Réponses sur la Carte

Les réponses sont colorées sur une échelle allant du rouge au vert en fonction du pourcentage des utilisateurs qui les ont devinées à leur premier essai. Vous pouvez retrouver ces pourcentages ci-dessous.
 

Statistiques - réponses

Réponse% Correct
Lausanne-Flon
82%
Lausanne-Flon
82%
Ours
76%
CHUV
69%
Lausanne-Gare
67%
Malley
67%
Croisettes
65%
EPFL
65%
Renens-Gare
65%
Ouchy-Olympique
63%
Délices
59%
Sallaz
59%
Fourmi
57%
Grancy
55%
Vigie
55%
Bessières
53%
Riponne-Maurice Béjart
53%
Jordils
51%
Provence
51%
Vennes
47%
Bourdonette
43%
Montelly
39%
UNIL-Mouline
37%
UNIL-Chamberonne
35%
Cerisaie
31%
Epenex
29%
UNIL-Sorges
29%
Bassenges
24%
Crochy
24%

Distribution des résultats

Percentile par nombre de réponses

% des personnes avec chaque résultat

Votre développement - résultats

Vous n’avez pas pris ce quiz depuis la dernière actualisation